Espèces : Spheniscidés - Statistiques

Statistiques générales
  • Ce quiz a été pris 15 fois
  • Le résultat moyen est 7 sur 18
Statistiques - réponses
Par images Réponse % Correct
Manchot empereur
100%
Manchot royal
67%
Gorfou sauteur
58%
Manchot Adélie
58%
Manchot du Cap
50%
Manchot papou
50%
Manchot pygmée
50%
Manchot des Galapagos
42%
Manchot à jugulaire
33%
Manchot de Humboldt
33%
Manchot de Magellan
33%
Gorfou doré
25%
Gorfou huppé
17%
Manchot des antipodes
17%
Gorfou de Moseley
8%
Gorfou de Schlegel
8%
Gorfou du Fiordland
8%
Gorfou des Snares
0%
Aucun quiz correspondant
Distribution des résultats
% des personnes avec chaque résultat
Percentile par nombre de réponses
Votre historique - résultats
Vous n’avez pas pris ce quiz